Wszyscy finaliści ligi mistrzów - Statystyki

Ogólne statystyki
  • Ten quiz został rozwiązany 202 razy
  • Średni wynik to 17 z 21
Statystyki odpowiedzi
L.p. Liczba udziałów finale LM Liczba trofeów Odpowiedź % Poprawnych
2. 5 4 FC Barcelona
99%
1. 8 8 Real Madryt
99%
3. 6 3 A.C. Milan
93%
16. 1 0 Bayer 04 Leverkusen
92%
5. 5 2 Liverpool F.C.
91%
6. 4 2 Manchester United F.C.
91%
13. 1 1 Inter Mediolan
88%
7. 6 1 Juventus F.C.
88%
21. 1 0 Manchester City
88%
10. 2 1 Borussia Dortmund
86%
8. 3 2 Chelsea F.C.
85%
4. 6 3 Bayern Monachium
83%
15. 2 0 Atlético Madryt
80%
18. 1 0 Arsenal F.C.
78%
12. 1 1 FC Porto
74%
9. 2 1 AFC Ajax
72%
20. 1 0 Paris Saint-Germain F.C.
72%
19. 1 0 Tottenham Hotspur F.C.
67%
14. 2 0 Valencia CF
51%
17. 1 0 AS Monaco FC
45%
11. 1 1 Olympique Marsylia
36%
Nie znaleziono quizów pasujących do podanych kryteriów
Rozkład punktacji
Procent ludzi z każdym wynikiem
Percentyl według liczby udzielonych odpowiedzi
Twoja historia wyników
Nie rozwiązałeś tego quizu